|
|
|
|
| LEADER |
00743nam a2200181 4500 |
| 008 |
160923b xxu||||| |||| 00| 0 eng d |
| 082 |
|
|
|a 373.1334
|
| 100 |
|
|
|a Thahira, P K
|
| 245 |
|
|
|a Devolopment of Multimedia package for enhancing vocabulary in English for secondary school students /
|c Thahira, P K
|
| 260 |
|
|
|c 2013.
|
| 300 |
|
|
|a 116p. ,
|c 29 cm.
|
| 502 |
|
|
|a Thesis (Med.)-- N S S Trainning college ,Ottappalam, 2013.
|
| 504 |
|
|
|a Includes bibliographical references and abstract.
|
| 650 |
|
|
|a Computer-assisted instruction
|
| 796 |
|
|
|c Dr.
|e Thesis advisor.
|a Rajagopalan K
|
| 942 |
|
|
|2 ddc
|c PD
|
| 999 |
|
|
|c 112628
|d 112628
|
| 952 |
|
|
|0 0
|1 0
|4 0
|6 373_133400000000000_THA_D
|7 0
|9 118958
|a UL
|b UL
|c REF
|d 2016-09-23
|l 0
|o 373.1334 THA/D
|p NB6625
|r 2016-09-23
|y PD
|